Toward an anthropological theory of value : the false coin of our own dreams
Αποθηκεύτηκε σε:
| Κύριος συγγραφέας: | |
|---|---|
| Μορφή: | Βιβλίο |
| Γλώσσα: | English |
| Δημοσίευση: |
New York :
Palgrave,
c2001.
|
| Θέματα: | |
| Ετικέτες: |
Προσθήκη ετικέτας
Δεν υπάρχουν, Καταχωρήστε ετικέτα πρώτοι!
|
MARC
| LEADER | 00000cam a2200000 i 4500 | ||
|---|---|---|---|
| 001 | 1/59140 | ||
| 008 | 040805s2001 nyu| ||| |||| ||eng|| | ||
| 020 | |a 0312240457 |q (χαρτόδετο) | ||
| 035 | |l 10074068 | ||
| 040 | |a GR-MY-UA |b gre |e aacr | ||
| 041 | 0 | |a eng | |
| 082 | 0 | |a 303.372 |2 (21) | |
| 100 | 1 | |a Graeber, David. | |
| 245 | 1 | 0 | |a Toward an anthropological theory of value : |b the false coin of our own dreams / |c David Graeber. |
| 260 | |a New York : |b Palgrave, |c c2001. | ||
| 300 | |a xiii, 337 σ. ; |c 22 εκ. | ||
| 504 | |a Περιέχει βιβλιογραφικές παραπομπές και ευρετήριο. | ||
| 650 | 0 | 0 | |a Values. |
| 650 | 0 | 0 | |a Anthropology |x Philosophy. |
| 650 | 0 | 0 | |a Social values. |
| 650 | 0 | 0 | |a Ceremonial exchange. |
| 852 | |a INST |b LESVOS |e 20040805 |h 303.372 GRA |p 005100030456 |q 005100030456 |t BK |y 0 | ||
| 852 | |a INST |b LESVOS |e 20231113 |h 303.372 GRA |p 005100065718 |q 005100065718 |t BK |y 0 | ||
| 901 | |a BIBL1-2004-2 | ||
| 920 | |a ΤΑΚΤΙΚΟΣ ΚΟΙΝΩΝΙΚΗΣ ΑΝΘΡΩΠΟΛΟΓΙΑΣ ΚΑΙ ΙΣΤΟΡΙΑΣ |y ΛΕΣΒΟΣ |z 2004-05 | ||
| 970 | |a ΧΡΙΣΤΟΦΑ |b ΝΙΚΗ |z 2004/08/05 | ||